000 00696cam a22002411 4500
001 he 65001340
003 DLC
005 20260227111433.0
008 830526s1965 is ach 000 0 heb
010 _ahe 65001340
035 _a(OCoLC)19138056
040 _aDLC
_cMH
_dCU
_dDLC
042 _apremarc
043 _aa-is---
050 0 0 _aDS110.R325
_bR57
245 0 0 _aRishone Ramat-Gan /
_c[ha-ʻorkhim Yiśraʼel Eldad, Yosef Fefer]
260 _a[Ramat Gan] :
_b[ʻIriyat Ramat Gan],
_c[1965]
300 _a271 p. :
_bill., facsims., ports. ;
_c28 cm.
651 0 _aRamat-Gan (Israel)
700 1 _aPfefer, Yosef.
700 1 _aEldad, Israel,
_d1910-1996.
752 _aIsrael
_dRamat Gan
999 _c31337
_d31337